| 000 | 00514cam a22001577a 4500 | ||
|---|---|---|---|
| 008 | 180718b2008 xxu||||| |||| 00| 0 eng d | ||
| 020 | _a9788184570878 | ||
| 082 | _aB73x54 R14 | ||
| 245 |
_aRole of panchayati raj institutions in 60 years of independent India: vision of the future _cedited by D. Sunder Ram |
||
| 260 |
_aNew Delhi _bKanishka _c2008 |
||
| 300 | _a414p. | ||
| 650 | _aRural development -- India. | ||
| 650 | _aLocal government -- India | ||
| 650 | _aPanchayat -- India | ||
| 700 | _aRam, D. Sunder | ||
| 999 |
_c415758 _d415758 |
||